000 00487nam a2200181Ia 4500
999 _c14877
_d14877
003 OSt
005 20201027103538.0
008 190216s9999||||xx |||||||||||||| ||und||
020 _a9780099536017
040 _coclc
082 _a813.54
_bHEL/C
100 _aHeller, Joseph
_95727
245 0 _aCatch-22 /
_cJoseph Heller
260 _bVintage Books ,
_c1994.
_aLondon:
300 _a569p
650 _aEnglish
942 _cBK
_2ddc
_h813.54
_iHEL/C
_k813.54
_mHEL/C